[Event "ChessKid Cup Div 3 L"]
[Site "chess.com INT"]
[Date "2023.05.25"]
[Round "7.2"]
[White "Bernadskiy, Vitaliy"]
[Black "Lazavik, Denis"]
[Result "1/2-1/2"]
[WhiteTitle "GM"]
[BlackTitle "GM"]
[WhiteElo "2592"]
[BlackElo "2544"]
[WhiteFideId "14100371"]
[BlackFideId "13515110"]
[EventDate "2023.05.22"]
[EventType "k.o."]

1. e4 e5 2. Nf3 Nc6 3. Bb5 Nf6 4. d3 Bc5 5. c3 O-O 6. O-O d5 7. exd5 Qxd5 8. Bc4
Qd8 9. Nbd2 a5 10. Qc2 h6 11. Re1 Re8 12. Bb5 Qd5 13. a4 Bg4 14. Ne4 Bxf3 15.
gxf3 Be7 16. Kh1 Qd7 17. Rg1 Kh8 18. Be3 Nh5 19. Qd2 Qf5 20. Rg2 Bf8 21. Qd1 Nf4
22. Rg4 Nd5 23. Qe2 Re6 24. Rag1 Rg6 25. Ng3 Qe6 26. Bc4 Rd8 27. Bc1 Qd7 28.
Rxg6 fxg6 29. Qe4 g5 30. Nh5 Nf4 31. Bxf4 exf4 32. d4 Qe8 33. Qxe8 Rxe8 34. h4
gxh4 35. Nxf4 g5 36. Ng6+ Kg7 37. Nxh4 Kf6 38. Ng2 Bd6 39. Bb5 Rb8 40. Re1 Ne7
41. Ne3 h5 42. Nc4 b6 43. Nxd6 cxd6 44. Bd7 Rd8 45. Re6+ Kf7 46. Rxd6 Kg7 47.
Rxb6 Rxd7 48. Rb5 Rd5 49. b3 Kf7 50. c4 Rf5 51. Kg2 h4 52. d5 Ng6 53. b4 axb4
54. a5 Nf4+ 55. Kh2 Re5 56. a6 Re2 57. Rb7+ Kf6 58. d6 Rxf2+ 59. Kg1 Ra2 60. a7
b3 61. d7 Ne6 62. Rb6 Ke7 63. Rxe6+ Kxd7 64. Rb6 Rxa7 65. Rxb3 Ke6 66. Rb6+ Ke5
67. Kg2 Rc7 68. Rb4 Kd4 69. c5+ Kxc5 70. Rg4 Rg7 71. f4 h3+ 72. Kh2 Kd6 73. fxg5
Ke5 74. Kxh3 Kf5 75. g6 Rxg6 76. Rxg6 Kxg6 1/2-1/2

[Event "ChessKid Cup Div 3 L"]
[Site "chess.com INT"]
[Date "2023.05.25"]
[Round "8.1"]
[White "Harikrishna, Pentala"]
[Black "Lazavik, Denis"]
[Result "1-0"]
[WhiteTitle "GM"]
[BlackTitle "GM"]
[WhiteElo "2704"]
[BlackElo "2544"]
[WhiteFideId "5007003"]
[BlackFideId "13515110"]
[EventDate "2023.05.22"]
[EventType "k.o."]

1. c4 Nf6 2. Nc3 e5 3. Nf3 Nc6 4. d3 d5 5. cxd5 Nxd5 6. g3 Be7 7. Bg2 Be6 8. O-O
O-O 9. Bd2 Qd7 10. Rc1 Nxc3 11. Bxc3 f6 12. Re1 Rfd8 13. Qa4 Nb4 14. Qxd7 Rxd7
15. a3 Na2 16. Rb1 Nxc3 17. bxc3 Bxa3 18. Rxb7 Bd5 19. Rb5 c6 20. Ra5 Bb2 21.
Rb1 Bxc3 22. Rc5 Ba2 23. Rc1 Bb4 24. Rxc6 Bd5 25. Ra6 Bb7 26. Ra2 Bd5 27. Ra6
Bb7 28. Nh4 Bxa6 29. Bxa8 Rd8 30. Be4 Bb5 31. Bc6 Bxc6 32. Rxc6 a5 33. Ra6 g6
34. g4 Rc8 35. Nf3 Rc2 36. e3 Kg7 37. h4 Rc3 38. Ra7+ Kg8 39. g5 fxg5 40. hxg5
Rxd3 41. Nxe5 Rd5 42. f4 Rd2 43. Ng4 Bc3 44. Kf1 Ra2 45. e4 Ra4 46. Ke2 Bg7 47.
Kd3 Ra3+ 48. Kc2 Ra4 49. e5 Rxf4 50. Nf6+ Kf8 51. Nxh7+ Kg8 52. Nf6+ Kf8 53. Kd3
a4 54. Ke3 Rf1 55. Ke4 a3 56. Kd5 Rb1 57. Ra8+ Ke7 58. Ra7+ Kf8 59. e6 Bxf6 60.
gxf6 1-0

[Event "ChessKid Cup Div 3 L"]
[Site "chess.com INT"]
[Date "2023.05.25"]
[Round "8.2"]
[White "Lazavik, Denis"]
[Black "Harikrishna, Pentala"]
[Result "1/2-1/2"]
[WhiteTitle "GM"]
[BlackTitle "GM"]
[WhiteElo "2544"]
[BlackElo "2704"]
[WhiteFideId "13515110"]
[BlackFideId "5007003"]
[EventDate "2023.05.22"]
[EventType "k.o."]

1. d4 Nf6 2. c4 e6 3. Nf3 d5 4. Nc3 Nbd7 5. Qc2 dxc4 6. e4 Nb6 7. a4 a5 8. Be3
Bb4 9. Ne5 O-O 10. Be2 Nfd7 11. Nxc4 Nxc4 12. Bxc4 c5 13. Rd1 cxd4 14. Bxd4 Qc7
15. Be2 e5 16. Be3 Nf6 17. O-O Be6 18. Rc1 Rac8 19. Qb1 Qe7 20. Bg5 h6 21. Bh4
Bxc3 22. Rxc3 Rxc3 23. bxc3 Rc8 24. Rc1 Qa3 25. f3 Rxc3 26. Rxc3 Qxc3 27. Qxb7
Qd4+ 28. Bf2 Qxa4 29. Qb8+ Kh7 30. Qxe5 Qc2 31. Qb5 a4 32. Qd3 Qxd3 33. Bxd3 Nd7
34. Bd4 a3 35. Bb5 1/2-1/2